000 01265nam a22002777a 4500
999 _c118799
_d118799
003 dpl
005 20190423131018.0
008 190423b ||||| |||| 00| 0 eng d
010 _aB-043207
020 _c300.00
035 _aB-043207, B-043211
037 _bCen Lib/Ret
040 _aDPL
_bHN
_c0
082 _a305.4
_bअंसारी
100 _aअंसारी, एम.ए.
_981961
245 _aराष्ट्रीय महिला आयोग और भारतीय नारी /
_cएम.ए.अंसारी
246 _aRashtreey mahila aayog aur bhartiye nari /
_bby M.A.Ansari
260 _aजयपुर
_bज्योति प्रकाशन
_c2000
270 _a187, बरकत नगर, टोंक फाटक
_bजयपुर
_e302 015
300 _a240पृ.
_c20सेमी(सजिल्द)
650 _aराष्ट्रीय महिला आयोग -- सामाजिक सांस्कृतिक भूमिका
_981962
650 _aनारी -- सामाजिक नैतिकता
_981963
650 _aNCW - socio-cultural role
_981964
650 _aWoman - social morality
_981965
942 _2ddc
_cHN
_h305.4
_mअंसारी